日本の空港クイズ - Statistics

General Stats
  • This quiz has been taken 1,793 times
  • The average score is 53 of 97
Answer Stats
空港コード Answer % Correct
NRT 成田国際空港
98%
HND 東京国際空港
93%
KIX 関西国際空港
88%
ITM 大阪国際空港
87%
CTS 新千歳空港
85%
FUK 福岡空港
85%
NGO 中部国際空港
84%
OKA 那覇空港
83%
SDJ 仙台空港
81%
KOJ 鹿児島空港
80%
HKD 函館空港
79%
NGS 長崎空港
79%
OIT 大分空港
79%
HIJ 広島空港
78%
KMJ 熊本空港
78%
AOJ 青森空港
78%
KMI 宮崎空港
77%
AXT 秋田空港
77%
WKJ 稚内空港
75%
KIJ 新潟空港
75%
KCZ 高知空港
75%
TAK 高松空港
74%
MYJ 松山空港
72%
OKJ 岡山空港
71%
TTJ 鳥取空港
70%
KUH 釧路空港
69%
KKJ 北九州空港
69%
FKS 福島空港
69%
NKM 名古屋飛行場
69%
FSZ 静岡空港
68%
GAJ 山形空港
67%
UKB 神戸空港
67%
IBR 百里飛行場
67%
TOY 富山空港
66%
AKJ 旭川空港
64%
HSG 佐賀空港
64%
TKS 徳島飛行場
64%
OBO 帯広空港
61%
HNA 花巻空港
60%
MMJ 松本空港
59%
OKD 札幌飛行場
59%
RIS 利尻空港
58%
MMB 女満別空港
58%
IZO 出雲空港
58%
KMQ 小松飛行場
58%
- 福井空港
57%
SDS 佐渡空港
54%
IKI 壱岐空港
54%
TSJ 対馬空港
54%
NTQ 能登空港
52%
OKI 隠岐空港
52%
ASJ 奄美空港
52%
MMY 宮古空港
52%
OGN 与那国空港
52%
YGJ 美保飛行場
52%
SHM 南紀白浜空港
51%
TNE 種子島空港
51%
UBJ 山口宇部空港
50%
SYO 庄内空港
50%
RBJ 礼文空港
49%
KUM 屋久島空港
49%
MSJ 三沢飛行場
48%
OIM 大島空港
47%
HAC 八丈島空港
47%
OIR 奥尻空港
45%
SHB 中標津空港
45%
- 調布飛行場
44%
TJH 但馬飛行場
44%
IWJ 石見空港
43%
IWK 岩国飛行場
43%
MMD 南大東空港
42%
MBE 紋別空港
41%
ONJ 大館能代空港
41%
KTD 北大東空港
41%
MYE 三宅島空港
40%
ISG 新石垣空港
40%
AXJ 天草飛行場
40%
FUJ 福江空港
35%
TKN 徳之島空港
33%
RNJ 与論空港
33%
UEO 久米島空港
33%
HTR 波照間空港
32%
- 新島空港
31%
KKX 喜界空港
31%
- 八尾空港
31%
SHI 下地島空港
30%
- 神津島空港
29%
OKE 沖永良部空港
29%
TRA 多良間空港
29%
AGJ 粟国空港
23%
- 上五島空港
21%
- 伊江島空港
21%
KJP 慶良間空港
21%
- 大分県央飛行場
20%
- 小値賀空港
19%
- 岡南飛行場
18%
- 千歳飛行場
17%
No matching quizzes found
Score Distribution
Percent of People with Each Score
Percentile by Number Answered
Your Score History
You have not taken this quiz